000
00329nam a2200133Ia 4500
005
20251222142004.0
008
251222s9999||||xx |||||||||||||| ||spa||
020
_a
9972-753-10-7
082
_a
515.353/I66
100
_a
Iório, Valéria
245
0
_a
EDP:
264
_b
Instituto de Matemética y Ciencias Afines
942
_c
LIB
999
_c
10121
_d
10121